000 00660nam a2200229 a 4500
008
020 _a8122415431 (pbk.)
090 _aQC450 KAL
100 1 _aKalsi, P.S.
245 1 0 _aSpectroscopy of organic compounds /
_bP.S. Kalsi.
260 _aNew Delhi :
_bNew Age International Publishers,
_c2004.
300 _a6th ed.
300 _axviii, 631 p.
_bill. ;
_c25 cm.
504 _aIncludes bibliographical references.
500 _aIncludes index.
907 _a.b10233714
_b21-02-07
_c20-02-07
003
005 20230123134406.0
040 _cNUST
049 _aMAIN
942 _cBOOKS
_kQC450 KAL
999 _c165117
_d165117